<?xml version="1.0" encoding="UTF-8"?>
<marc:record xmlns:marc="http://www.loc.gov/MARC21/slim">
   <marc:leader>00000nam a2200000 a 4500</marc:leader>
   <marc:datafield ind1="1" ind2=" " tag="100">
      <marc:subfield code="a">Bauer, Joachim</marc:subfield>
      <marc:subfield code="4">aut</marc:subfield>
      <marc:subfield code="e">Verfasser/-in</marc:subfield>
   </marc:datafield>
   <marc:datafield ind1=" " ind2=" " tag="653">
      <marc:subfield code="a">Selbstbestimmung</marc:subfield>
   </marc:datafield>
   <marc:datafield ind1=" " ind2=" " tag="653">
      <marc:subfield code="a">Hirnforschung</marc:subfield>
   </marc:datafield>
   <marc:datafield ind1=" " ind2=" " tag="653">
      <marc:subfield code="a">Willensfreiheit</marc:subfield>
   </marc:datafield>
   <marc:datafield ind1=" " ind2=" " tag="653">
      <marc:subfield code="a">Neurobiologie</marc:subfield>
   </marc:datafield>
   <marc:datafield ind1=" " ind2=" " tag="653">
      <marc:subfield code="a">Gesundheitsverhalten</marc:subfield>
   </marc:datafield>
   <marc:datafield ind1=" " ind2=" " tag="653">
      <marc:subfield code="a">Selbststeuerung</marc:subfield>
   </marc:datafield>
   <marc:datafield ind1="0" ind2="0" tag="245">
      <marc:subfield code="a">Selbststeuerung</marc:subfield>
   </marc:datafield>
   <marc:datafield ind1="0" ind2="0" tag="245">
      <marc:subfield code="b">die Wiederentdeckung des freien Willens</marc:subfield>
   </marc:datafield>
   <marc:datafield ind1=" " ind2="1" tag="264">
      <marc:subfield code="b">Blessing</marc:subfield>
      <marc:subfield code="c">2015</marc:subfield>
   </marc:datafield>
   <marc:datafield ind1="1" ind2=" " tag="520">
      <marc:subfield code="a">Höre auf deinen Bauch, folge deinen Gefühlen, vertraue auf deine Impulse. So der Tenor, in dem uns wissenschaftliche Bücher in den letzten Jahren darauf eingeschworen haben, unserem rationalen, abwägenden Denken nicht mehr die Bedeutung beizumessen, die ihm gebührt.  Joachim Bauers Selbststeuerung ist der lange überfällige Aufruf dazu, unsere auf Autopilot fahrenden Verhaltensweisen als das zu sehen, was sie sind: kurzsichtig und fehleranfällig. Studien zeigen: Seine Impulse kontrollieren und vorübergehende Anstrengungen auf sich nehmen zu können ist nicht nur die unabdingbare Voraussetzung für langfristige persönliche Erfolge und gute soziale Beziehungen. Die Fähigkeit zur Selbststeuerung schützt vor allem auch die Gesundheit, und erkrankten Menschen kann sie ein Heilmittel sein. Anstatt ständig den Reizen der Außenwelt zu folgen, sollten wir selbst entscheiden. Der freie Wille ist zurück, und das ist gut so. Wissenschafts-Bestsellerautor Joachim Bauer erläutert in seinem neuesten Buch die aktuellen Forschungsergebnisse aus den unterschiedlichsten Disziplinen zu diesem Thema. Er zeigt, was diese unmittelbar für jeden Einzelnen bedeuten und welche Konsequenzen für die Psychologie, die Bildungs- oder die Gesundheitspolitik daraus zu ziehen sind. (www.rupertusbuch.at)</marc:subfield>
   </marc:datafield>
   <marc:datafield ind1="3" ind2=" " tag="024">
      <marc:subfield code="a">9783896675392</marc:subfield>
   </marc:datafield>
</marc:record>
